LEADER 03100 am 2200637 n 450 001 9910496001603321 005 20201020 010 $a2-271-12814-5 024 7 $a10.4000/books.editionscnrs.37997 035 $a(CKB)5590000000429620 035 $a(FrMaCLE)OB-editionscnrs-37997 035 $a(oapen)https://directory.doabooks.org/handle/20.500.12854/84860 035 $a(PPN)267944209 035 $a(EXLCZ)995590000000429620 100 $a20201208j|||||||| ||| 0 101 0 $afre 135 $auu||||||m|||| 181 $ctxt$2rdacontent 182 $cc$2rdamedia 183 $acr$2rdacarrier 200 10$aGens du roc et du sable $eLes Toubou /$fCatherine Baroin 210 $aParis $cCNRS Éditions$d2020 215 $a1 online resource (288 p.) 225 1 $aHors collection 311 $a2-271-06045-1 330 $aNatifs du massif rocheux du Tibesti au c?ur du Sahara, ou des plaines de sable ou de cailloux qui s?étendent jusqu?au lac Tchad, les Toubou sont les voisins des Touaregs à l?est. Pasteurs saharo-sahéliens comme ceux-ci, ils sont moins connus que leurs célèbres confrères nomades. Ils occupent pourtant un quart du Sahara et jouent dans les troubles politiques du Tchad un rôle de premier plan, qui porte épisodiquement sur eux une certaine attention. Leur mode de vie pastoral est assez largement semblable à celui des Touaregs, mais leurs structures sociales sont bien différentes. Leur organisation politique est quasi inexistante, et invétéré leur esprit d?anarchie. Intrépides, guerriers, indépendants et querelleurs, ils manifestent entre eux de fortes solidarités familiales que diffuse la pratique du mariage en dehors du cercle des proches parents. Chacun des auteurs de ce livre, administrateur colonial, historien, ethnologue ou autre, apporte sur le monde toubou son point de vue spécifique. Les observations pourtant convergent sur bien des points, et laissent transparaître l?unité culturelle de ce peuple qui s?adapte avec souplesse à la vie moderne, tout en conservant avec une étrange permanence ces caractéristiques psychiques qui firent, dans le passé, son originalité et sa force. 606 $aAnthropology 606 $aethnologie 606 $aToubou 606 $apastoralisme 606 $anomadisme 606 $aSahara 610 $aethnologie 610 $aToubou 610 $apastoralisme 610 $anomadisme 610 $aSahara 615 4$aAnthropology 615 4$aethnologie 615 4$aToubou 615 4$apastoralisme 615 4$anomadisme 615 4$aSahara 700 $aBaroin$b Catherine$0254111 701 $aBrandily$b Monique$0445582 701 $aBuijtenhuijs$b Robert$0243040 701 $aCaron$b Louis$01328132 701 $aFuchs$b Peter$0498870 701 $aTourneux$b Henry$0465044 701 $aZeltner$b Jean-Claude$0244933 701 $aBaroin$b Catherine$0254111 801 0$bFR-FrMaCLE 906 $aBOOK 912 $a9910496001603321 996 $aGens du roc et du sable$93038376 997 $aUNINA LEADER 02526nam 2200661 a 450 001 9910780982903321 005 20230331010103.0 010 $a1-85702-294-7 010 $a1-282-55909-5 010 $a9786612559099 010 $a0-85702-294-6 035 $a(CKB)2520000000007718 035 $a(EBL)483357 035 $a(OCoLC)609855820 035 $a(SSID)ssj0000343854 035 $a(PQKBManifestationID)12099461 035 $a(PQKBTitleCode)TC0000343854 035 $a(PQKBWorkID)10291098 035 $a(PQKB)11194351 035 $a(MiAaPQ)EBC483357 035 $a(Au-PeEL)EBL483357 035 $a(CaPaEBR)ebr10369663 035 $a(CaONFJC)MIL255909 035 $a(OCoLC)593240000 035 $a(FINmELB)ELB133646 035 $a(EXLCZ)992520000000007718 100 $a19910221d1991 uy 0 101 0 $aeng 135 $aur|n|---||||| 181 $ctxt 182 $cc 183 $acr 200 00$aTraining and supervision for counselling in action$b[electronic resource] /$fedited by Windy Dryden and Brian Thorne 210 $aLondon ;$aNewbury Park, Calif. $cSage$d1991 210 1$aLondon ;$aNewbury Park, Calif. :$cSage,$d1991. 215 $a1 online resource (168 p.) 225 1 $aCounselling in action 300 $aDescription based upon print version of record. 311 $a0-8039-8336-0 311 $a0-8039-8335-2 320 $aIncludes bibliographical references and index. 327 $apt. 1. Training -- pt. 2. Supervision -- pt. 3. Training counsellor trainers and supervisors. 330 $a`An excellent compilation.....I found the issues raised stimulated me to think again about my own practice and to profit from that exercise' - Counselling, The Journal of The British Association for Counselling & Psychotherapy This accessible book explores the issues involved in both the training and supervision of counsellors and in the preparation of those who are to undertake supervisory and training roles. 410 0$aCounselling in action. 606 $aCounseling$xStudy and teaching 606 $aCounselors$xSupervision of 615 0$aCounseling$xStudy and teaching. 615 0$aCounselors$xSupervision of. 676 $a158/.3/07 701 $aDryden$b Windy$0618977 701 $aThorne$b Brian$f1937-$0738612 801 0$bMiAaPQ 801 1$bMiAaPQ 801 2$bMiAaPQ 906 $aBOOK 912 $a9910780982903321 996 $aTraining and supervision for counselling in action$93686741 997 $aUNINA LEADER 02572oas 2200865 a 450 001 9910146490003321 005 20251106213014.0 011 $a1873-7668 035 $a(DE-599)ZDB2004251-6 035 $a(DE-599)2004251-6 035 $a(OCoLC)38840838 035 $a(CONSER) 2003233854 035 $a(CKB)954925561575 035 $a(EXLCZ)99954925561575 100 $a19980324a19879999 sy a 101 0 $aeng 135 $aurmnu|||||||| 181 $ctxt$2rdacontent 182 $cc$2rdamedia 183 $acr$2rdacarrier 200 10$aComputers & mathematics with applications 210 $a[Amsterdam] ;$a[New York] $cElsevier Science 215 $a1 online resource 300 $aRefereed/Peer-reviewed 311 08$a0898-1221 517 3 $aComputers and mathematics with applications 517 1 $aComputers math. applic 606 $aElectronic data processing$vPeriodicals 606 $aMathematics$xData processing$vPeriodicals 606 $aMathematics$xData processing$xPeriodicals 606 $aInformatique$xPe?riodiques 606 $aMathe?matiques$xInformatique$xPe?riodiques 606 $aMathe?matiques$xInformatique$vPe?riodiques 606 $a31.80 applications of mathematics$2bcl 606 $aElectronic data processing$2fast$3(OCoLC)fst00906956 606 $aMathematics$xData processing$2fast$3(OCoLC)fst01012179 606 $a31.80 applications of mathematics$2nbc 608 $aPeriodicals.$2fast 615 0$aElectronic data processing 615 0$aMathematics$xData processing 615 0$aMathematics$xData processing$xPeriodicals. 615 6$aInformatique$xPe?riodiques. 615 6$aMathe?matiques$xInformatique$xPe?riodiques. 615 6$aMathe?matiques$xInformatique 615 7$a31.80 applications of mathematics. 615 7$aElectronic data processing. 615 7$aMathematics$xData processing. 615 7$a31.80 applications of mathematics. 801 0$bOH1 801 1$bOH1 801 2$bOCL 801 2$bOCLCQ 801 2$bGUA 801 2$bOCLCQ 801 2$bVRC 801 2$bU9S 801 2$bGUA 801 2$bOCLCQ 801 2$bOCLCO 801 2$bOCLCQ 801 2$bOCLCF 801 2$bOCLCO 801 2$bSCB 801 2$bOCLCQ 801 2$bEZC 801 2$bVT2 801 2$bOCLCQ 801 2$bSFB 801 2$bOCLCO 801 2$bQGK 801 2$bOCLCQ 906 $aJOURNAL 912 $a9910146490003321 996 $aComputers & mathematics with applications$91110722 997 $aUNINA LEADER 01302nam0 22002651i 450 001 UON00077704 005 20231205102417.751 100 $a20020107d1993 |0itac50 ba 101 $aita 102 $aIT 105 $a|||| ||||| 200 1 $aˆIl ‰Madagascar, nella Biblioteca della Facoltà di Scienze Politiche dell'Università degli Studi di Napoli "Federico II"$fLiliana Mosca 210 $aNapoli$cUniversità degli Studi di Napoli "Federico II". Facoltà di Scienze Politiche$d1993 215 $a31 p.$d24 cm 606 $aBiblioteche universitarie$xItalia$xCataloghi$3UONC019484$2FI 620 $aIT$dNapoli$3UONL000012 676 $a027.745$cBIBLIOTECHE UNIVERSITARIE - Italia$v21 700 1$aMOSCA$bLiliana$3UONV044930$0232344 712 $aUniversità degli studi di Napoli Federico II$3UONV269100$4650 801 $aIT$bSOL$c20260313$gRICA 899 $aSIBA - SISTEMA BIBLIOTECARIO DI ATENEO E ARCHIVIO STORICO$2UONSI 912 $aUON00077704 950 $aSIBA - SISTEMA BIBLIOTECARIO DI ATENEO E ARCHIVIO STORICO$dSI ST Bibl 101 $eSI AA 18220 5 101 996 $aMadagascar, nella Biblioteca della Facoltà di Scienze Politiche dell'Università degli Studi di Napoli "Federico II"$91300106 997 $aUNIOR